000 00514 a2200157 4500
020 _a0201596199
040 _aDLC
_bDLC
100 1 _aIfeachor, Emmanuel C.
245 1 0 _aDigital signal processing: a practical approach
_ba practical approach
_cEmmanuel C. Ifeachor, Barrie W. Jervis
250 _a2nd Ed.
260 _aHarlow, England :
_bPearson Education,
_c2002.
300 _a933 p. :
_bill.
650 0 _aSignal processing
_xDigital techniques.
700 1 _aJervis, Barrie W.
942 _cBK
_k621.3822 IFE
_2ddc
999 _c9855
_d9855